| 000 | 02108cam a22003494a 4500 | ||
|---|---|---|---|
| 999 |
_c127890 _d127890 |
||
| 001 | 14122056 | ||
| 003 | ARRUPE | ||
| 005 | 20180411101338.0 | ||
| 008 | 050927s2005 dcuad 000 0 eng c | ||
| 010 | _a 2005299871 | ||
| 020 | _a1589064461 | ||
| 035 | _a(OCoLC)ocm61170227 | ||
| 040 |
_aDOA _cDOA _dGHG _dVP@ _dBAKER _dAFQ _dDLC |
||
| 042 | _apcc | ||
| 050 | 0 | 0 |
_aHC141 _b.C36 2005 |
| 082 | 0 | 0 |
_a337.728 _222 |
| 245 | 0 | 0 |
_aCentral America : _bglobal integration and regional cooperation / _cedited by Markus Rodlauer and Alfred Schipke. |
| 260 |
_aWashington, D.C. : _bInternational Monetary Fund, _c2005. |
||
| 300 |
_ax, 135p. : _bill., charts, _c28 cm. |
||
| 440 | 0 |
_aOccasional paper (International Monetary Fund) ; _vno. 243 _941376 |
|
| 504 | _aIncludes bibliographical references. | ||
| 505 | 0 | 0 |
_gIntroduction and overview / _rMarkus Rodlauer and Alfred Schipke -- _tMacroeconomic implications of CAFTA-DR / _rM. Ayhan Kose, Alessandro Rebucci, and Alfred Schipke -- _tTrade liberalization and tax coordination / _rChiara Bronchi and Dale Chua -- _tFiscal sustainability: a value-at-risk approach / _rRicardo Adrogué -- _tRegional integration and exchange rate arrangements / _rJun Il Kim and Laura Papi -- _tRegional intregration and financial system issues / _rR. Armando Morales and Alfred Schipke -- _tRegional issues in macroeconomic statistics / _rLorraine Ocampos -- _tThe political economy of implementing pro-growth and anti-poverty policy strategies in Central America / _rLuis Breuer and Arturo Cruz. |
| 650 | 0 |
_aFree trade _zCentral America. _941377 |
|
| 650 | 0 |
_aForeign exchange rates _zCentral America. _941378 |
|
| 650 | 0 |
_aPoverty _zCentral America. _941379 |
|
| 651 | 0 |
_aCentral America _xEconomic integration. _941380 |
|
| 651 | 0 |
_aCentral America _xEconomic conditions _xStatistics. _941381 |
|
| 700 | 1 |
_aRodlauer, Markus. _941382 |
|
| 700 | 1 |
_aSchipke, Alfred, _d1959- _941383 |
|
| 856 | 4 | 1 |
_3Table of contents only _uhttp://www.loc.gov/catdir/toc/fy0612/2005299871.html |
| 906 |
_a7 _bcbc _cpccadap _d2 _encip _f20 _gy-gencatlg |
||
| 942 |
_2lcc _cMONOGRAPH |
||